| 000 | 00779cam a22002534a 4500 | ||
|---|---|---|---|
| 001 | 13075725 | ||
| 005 | 20180109032422.0 | ||
| 008 | 030131s2004 njua b 001 0 eng | ||
| 010 | _a 2003042550 | ||
| 020 | _a0131122916 | ||
| 040 |
_aDLC _cDLC _dDLC |
||
| 041 | _aeng | ||
| 042 | _apcc | ||
| 043 | _an-us--- | ||
| 080 | _a363.209 | ||
| 082 | 0 | 0 |
_a363.209 OLI _221 |
| 100 | 1 | _a13 | |
| 101 | _aSHJ | ||
| 245 | 1 | 0 |
_aCommunity-oriented policing : _cWillard M. Oliver. |
| 504 | _aIncludes bibliographical references (p. 495-526) and index. | ||
| 906 |
_a7 _bcbc _corignew _d1 _eocip _f20 _gy-gencatlg |
||
| 942 |
_2ddc _cBK |
||
| 999 |
_c39817 _d39817 |
||